| 000 | 01347cam a22002415a 4500 | ||
|---|---|---|---|
| 001 | L139910 | ||
| 008 | 070820s2005 xxk f 000 0 eng d | ||
| 020 | _a0860176436 | ||
| 035 | _a(Sirsi) u139910 | ||
| 041 | 0 | _aeng | |
| 050 | 0 | 4 | _a614.77 $2 18 |
| 100 | 1 | _aOsborne, M. | |
| 245 | 0 | 4 |
_aThe potential for water pollution from railways _h[electronic resource] |
| 260 |
_aLondon _bCIRIA _c2005 |
||
| 300 |
_a1 _fCD-ROM |
||
| 490 | 0 |
_aCIRIA _vC643 |
|
| 505 | 2 | _aKey findings --Introduction -- A brief introduction to the legislation -- The railway industry in the UK -- Pollution sources and routes -- Who might be liable? -- Environmental policies and good practice -- Risk management -- Discharge of dangerous substances to water | |
| 520 | _aSummarises a study looking at the legislative framework, the overall structure of the railway industry in the UK, the potential sources of pollution, the responsibilities for pollution, the availability of guidance on good practice, and actions that may need to be taken. Although the study that led to this report focused on railway activities in mainland Britain, the guidance is also likely to be applicable elsewhere in the European Union. | ||
| 651 | 4 |
_aUnited Kingdom _y |
|
| 690 | _aENVIRONMENTAL AND LAND CONSULTANCY-WATER RESOURCE MANAGEMENT | ||
| 700 | 1 | _aMontague, K | |
| 942 | _n0 | ||
| 999 |
_c85446 _d85446 |
||